Solvency II - klíčová regulace pojistného průmyslu

Solvency II je nová reforma v oblasti európskeho poisťovníctva, ktorá bola prijatá Európskou úniou v roku 2009, modifikovaná direktívou Omnibus II v roku 2014 a do platnosti vstupuje od roku 2016. Solventnostné požiadavky poisťovní na základe ekonomických rizík. Kľúčové ciele Solvency II.

Saved in:
Bibliographic Details
Main Author: Svoboda, Karel
Format: Book Chapter
Language:Czech
Subjects:
Tags: Add Tag
No Tags, Be the first to tag this record!

MARC

LEADER 00000naa a2200000 4500
001 0210113
005 20231211083936.6
041 0 |a cze 
044 |a CZ 
245 1 0 |a Solvency II - klíčová regulace pojistného průmyslu  |c Karel Svoboda 
520 |a Solvency II je nová reforma v oblasti európskeho poisťovníctva, ktorá bola prijatá Európskou úniou v roku 2009, modifikovaná direktívou Omnibus II v roku 2014 a do platnosti vstupuje od roku 2016. Solventnostné požiadavky poisťovní na základe ekonomických rizík. Kľúčové ciele Solvency II. 
610 2 0 |a poisťovníctvo 
610 2 0 |a poisťovne 
610 2 0 |a zaisťovne 
610 2 0 |a bankopoisťovne 
610 2 0 |a primeranosť kapitálová 
610 2 0 |a riziko poistné 
610 2 0 |a regulátory hospodárske 
100 1 |a Svoboda, Karel